| 000 | 00828nam a2200253 i 4500 | ||
|---|---|---|---|
| 001 | bgj | ||
| 245 | 0 | 0 |
_aThe Encyclopedia of Climatology / _cedited by John E. Oliver and Rhodes W. Fairbridge. |
| 260 |
_aNew York : _bVan Nostrand Reinhold Company, _cc. 1987. |
||
| 300 |
_aXVI, 986 pp : _bill. ; _c27 cm. |
||
| 490 | 1 |
_aEncyclopedia of Earth Sciences ; _vv. 11 |
|
| 505 | _aIncludes index and bibliographical references. | ||
| 650 | 9 | _aMeteorology | |
| 650 | 9 | _aClimatology | |
| 655 | _aDictionaries | ||
| 700 | 1 |
_aOLIVER, John E. _eeditor |
|
| 700 | 1 |
_aFAIRBRIDGE, Rhodes [Whitemore] _d(1914- ). _eeditor |
|
| 830 | _aEncyclopedia of Earth Sciences ; | ||
| 020 | _a0879330090 (hbk) | ||
| 040 | _cBPK | ||
| 041 | 0 | _aeng | |
| 920 | _a0-87933-009-0 (hbk) | ||
| 942 | _cKS | ||
| 008 | s uk f |000 0 eng | ||
| 999 |
_c47490 _d47490 |
||
| 856 |
_uhttp://koha.tu.koszalin.pl/cgi-bin/koha/opac-detail.pl?biblionumber=47490 _yKatalog online BPK |
||